|
|
|
|
| LEADER |
03283nam a22004695i 4500 |
| 001 |
978-1-4614-9203-0 |
| 003 |
DE-He213 |
| 005 |
20151204150723.0 |
| 007 |
cr nn 008mamaa |
| 008 |
140130s2014 xxu| s |||| 0|eng d |
| 020 |
|
|
|a 9781461492030
|9 978-1-4614-9203-0
|
| 024 |
7 |
|
|a 10.1007/978-1-4614-9203-0
|2 doi
|
| 040 |
|
|
|d GrThAP
|
| 050 |
|
4 |
|a QR1-502
|
| 072 |
|
7 |
|a PSG
|2 bicssc
|
| 072 |
|
7 |
|a SCI045000
|2 bisacsh
|
| 082 |
0 |
4 |
|a 579
|2 23
|
| 245 |
1 |
0 |
|a Plasticity in Plant-Growth-Promoting and Phytopathogenic Bacteria
|h [electronic resource] /
|c edited by Elena I. Katsy.
|
| 264 |
|
1 |
|a New York, NY :
|b Springer New York :
|b Imprint: Springer,
|c 2014.
|
| 300 |
|
|
|a X, 208 p. 42 illus., 30 illus. in color.
|b online resource.
|
| 336 |
|
|
|a text
|b txt
|2 rdacontent
|
| 337 |
|
|
|a computer
|b c
|2 rdamedia
|
| 338 |
|
|
|a online resource
|b cr
|2 rdacarrier
|
| 347 |
|
|
|a text file
|b PDF
|2 rda
|
| 505 |
0 |
|
|a Common Themes and Specific Features in the Genomes of Phytopathogenic and Plant-Beneficial Bacteria -- Ecology and Physiology of Non-Frankia Actinobacteria Associated with Actinorhizal Plants -- Boundaries for Conjugative Transfer of Rhizobial Plasmids: Restraining and Releasing Factors -- Phase Variation in Plant-Associated Pseudomonads -- Plasmid Rearrangements and Changes in Cell-Surface Architecture and Social Behavior of Azospirillum brasilense -- Genome Plasticity and Dynamic Evolution of Phytopathogenic Pseudomonads and Related Bacteria -- Genomic Flux in Xanthomonas Group of Plant Pathogenic Bacteria -- Genome Plasticity in Obligate Parasitic Phytoplasmas -- Comparative Genomics of Herbaspirillum Species.
|
| 520 |
|
|
|a Plasticity in Plant-Growth-Promoting and Phytopathogenic Bacteria brings together the expertise of a panel of researchers from around the world to provide comprehensive up-to-date reviews on the most interesting aspects of genomic and phenotypic plasticity in plant-beneficial and phytopathogenic bacteria. The book covers various topics, including common and specific features in the genomes of symbiotic, plant-growth-promoting, and phytopathogenic bacteria; regulation of conjugative plasmid transfer in rhizobia; genetic and phenotypic variability in plant-beneficial pseudomonads and azospirilla; genomic fluxes in phytopathogenic xanthomonads and pseudomonads; genome plasticity in obligate parasitic Phytoplasmas; comparative genomics of plant-growth-promoting and phytopathogenic Herbaspirillum species; horizontal gene transfer in planta and microevolution of plant-associated bacteria in the phytosphere. Plasticity in Plant-Growth-Promoting and Phytopathogenic Bacteria is recommended for all microbiology and plant biology laboratories.
|
| 650 |
|
0 |
|a Life sciences.
|
| 650 |
|
0 |
|a Microbiology.
|
| 650 |
|
0 |
|a Plant science.
|
| 650 |
|
0 |
|a Botany.
|
| 650 |
|
0 |
|a Plant pathology.
|
| 650 |
1 |
4 |
|a Life Sciences.
|
| 650 |
2 |
4 |
|a Microbiology.
|
| 650 |
2 |
4 |
|a Plant Sciences.
|
| 650 |
2 |
4 |
|a Plant Pathology.
|
| 700 |
1 |
|
|a Katsy, Elena I.
|e editor.
|
| 710 |
2 |
|
|a SpringerLink (Online service)
|
| 773 |
0 |
|
|t Springer eBooks
|
| 776 |
0 |
8 |
|i Printed edition:
|z 9781461492023
|
| 856 |
4 |
0 |
|u http://dx.doi.org/10.1007/978-1-4614-9203-0
|z Full Text via HEAL-Link
|
| 912 |
|
|
|a ZDB-2-SBL
|
| 950 |
|
|
|a Biomedical and Life Sciences (Springer-11642)
|